DRAW: Kenya Hara (Record no. 14257)

000 -LEADER
fixed length control field 00350nam a2200157Ia 4500
003 - CONTROL NUMBER IDENTIFIER
control field OSt
005 - DATE AND TIME OF LATEST TRANSACTION
control field 20260228121141.0
008 - FIXED-LENGTH DATA ELEMENTS--GENERAL INFORMATION
fixed length control field 260210s9999 xx 000 0 und d
020 ## - INTERNATIONAL STANDARD BOOK NUMBER
International Standard Book Number 9783037787618
082 ## - DEWEY DECIMAL CLASSIFICATION NUMBER
Classification number 741.2 HAR
100 ## - MAIN ENTRY--PERSONAL NAME
Personal name Kenya Hara/
245 #0 - TITLE STATEMENT
Title DRAW: Kenya Hara
260 ## - PUBLICATION, DISTRIBUTION, ETC. (IMPRINT)
Name of publisher, distributor, etc lars muller club
260 ## - PUBLICATION, DISTRIBUTION, ETC. (IMPRINT)
Date of publication, distribution, etc 2025
942 ## - ADDED ENTRY ELEMENTS (KOHA)
Item type UG Books
Source of classification or shelving scheme
Holdings
Withdrawn status Lost status Source of classification or shelving scheme Damaged status Koha normalized classification for sorting Not for loan Permanent location Current location Shelving location Date acquired Full call number Barcode Date last seen Price effective from Koha item type
        741_200000000000000_HAR   BMS College of Architecture, Design and Planning BMS College of Architecture, Design and Planning General Stacks 2025-12-16 741.2 HAR AR-UG5149 2026-02-10 2026-02-10 UG Books
Copyright © 2025, The Librarian, Library and Information Centre, BMSCA D&P, Bengaluru. All Rights Reserved
web counter

Powered by Koha